[Event "CHI-chT"]
[Site "Santiago de Chile"]
[Date "2019.09.12"]
[Round "2.4"]
[White "Rakela Rodriguez, Juan"]
[Black "Valenzuela Morales, Jorge"]
[Result "1-0"]
[WhiteElo "1915"]
[BlackElo "2065"]
[PlyCount "99"]
[EventDate "2019.09.05"]
[EventType "team-swiss"]
[EventRounds "9"]
[EventCountry "CHI"]
[SourceTitle "CBM 193 Extra"]
[Source "ChessBase"]
[SourceDate "2020.01.31"]
[SourceVersion "1"]
[SourceVersionDate "2020.01.31"]
[SourceQuality "1"]
[WhiteTeam "Departamentos Cl"]
[BlackTeam "Chile CC Z"]
[WhiteTeamCountry "CHI"]
[BlackTeamCountry "CHI"]

1. d4 Nf6 2. c4 g6 3. Nc3 Bg7 4. e4 d6 5. f3 0-0 6. Be3 Nc6 7. Qd2 a6 8. 0-0-0 Rb8 9. Bh6 e5 10. Bxg7 Kxg7 11. Nge2 b5 12. cxb5 axb5 13. d5 Na5 14. Ng3 b4 15. Nb5 c6 16. dxc6 Nxc6 17. Bc4 Qa5 18. Nxd6 Qc5 19. b3 Nd4 20. Ndf5+ Nxf5 21. Nxf5+ Bxf5 22. exf5 Rfd8 23. Qc2 Rd4 24. fxg6 hxg6 25. Rxd4 exd4 26. Rd1 Rd8 27. Rd3 Rd7 28. Kb1 Qe5 29. Qd2 Qxh2 30. Qxb4 Qg1+ 31. Kb2 Qxg2+ 32. Qd2 Qg3 33. a4 Qe5 34. Qf2 Ne8 35. f4 Qc5 36. Bb5 Rd8 37. Bxe8 Rxe8 38. Qxd4+ Qxd4+ 39. Rxd4 Kf6 40. a5 g5 41. fxg5+ Kxg5 42. Kc3 Kf5 43. b4 Ke5 44. Rd1 Rc8+ 45. Kb3 f5 46. a6 f4 47. b5 f3 48. a7 Ke4 49. b6 Ra8 50. b7 1-0

[Event "CHI-ch sf Santiago"]
[Site "Santiago de Chile"]
[Date "2016.12.08"]
[Round "2.5"]
[White "Valenzuela Morales, Jorge"]
[Black "Mesias Rojas, Rabindranath"]
[Result "0-1"]
[WhiteElo "2026"]
[BlackElo "2250"]
[PlyCount "72"]
[EventDate "2016.12.08"]
[EventType "swiss"]
[EventRounds "8"]
[EventCountry "CHI"]
[SourceTitle "EXT 2024"]
[Source "ChessBase"]
[SourceDate "2023.10.10"]
[SourceVersion "1"]
[SourceVersionDate "2023.10.10"]
[SourceQuality "1"]

1. e4 g6 2. d4 c6 3. Nf3 d5 4. Nbd2 Bg7 5. h3 dxe4 6. Nxe4 Nd7 7. Bd3 Ngf6 8. Ned2 c5 9. c3 cxd4 10. cxd4 0-0 11. 0-0 Nb6 12. Qe2 Be6 13. Rd1 Re8 14. Bb5 Bd7 15. Bd3 Bc6 16. Nb3 Qd5 17. Be3 Rac8 18. Nc5 Qh5 19. Ne5 Qxe2 20. Bxe2 Bd5 21. a4 Red8 22. Rac1 Ne4 23. Ned3 Nc4 24. Rxc4 Bxc4 25. Nxe4 Bxd4 26. Ng3 Bxe3 27. fxe3 Bb3 28. Ra1 Rc2 29. Kf1 Bc4 30. Nf4 Bxe2+ 31. Nfxe2 Rxb2 32. Rc1 Rd7 33. Rc4 a5 34. Nf4 b5 35. axb5 Rxb5 36. Ne4 Rb4 0-1

[Event "CHI-ch sf Centro"]
[Site "Santiago de Chile"]
[Date "2014.01.26"]
[Round "7"]
[White "Valenzuela Morales, Jorge"]
[Black "Sanchez Sandoval, Gonzalo"]
[Result "1-0"]
[WhiteElo "1992"]
[BlackElo "2120"]
[PlyCount "103"]
[EventDate "2014.01.22"]
[EventType "swiss"]
[EventRounds "7"]
[EventCountry "CHI"]
[SourceTitle "CBM 158 Extra"]
[Source "ChessBase"]
[SourceDate "2014.02.28"]
[SourceVersion "1"]
[SourceVersionDate "2014.02.28"]
[SourceQuality "1"]

1. e4 c5 2. Nf3 d6 3. d4 cxd4 4. Nxd4 Nf6 5. Nc3 Nc6 6. Be2 e5 7. Nb3 Be7 8. Bg5 0-0 9. 0-0 Be6 10. Bxf6 Bxf6 11. Nd5 Bg5 12. c3 Ne7 13. Bc4 Ng6 14. Qd3 Rc8 15. g3 Kh8 16. Rad1 Bh3 17. Rfe1 f5 18. exf5 e4 19. Qd4 Rxc4 20. Qxc4 Ne5 21. Qxe4 Bxf5 22. Qg2 Bg4 23. f4 Nf3+ 24. Kh1 Nxe1 25. Rxe1 Qd7 26. Nd4 Bd8 27. Qe4 Bh5 28. f5 Re8 29. Ne6 Qc6 30. c4 Ba5 31. Rf1 Bb6 32. g4 Bf7 33. b3 Kg8 34. Re1 Bd8 35. Re2 Bh4 36. Kg2 Bd8 37. h3 Qc8 38. Kh2 Kh8 39. Kg3 Kg8 40. h4 h5 41. g5 g6 42. Ndf4 d5 43. cxd5 Bc7 44. Kg2 Bxf4 45. Qxf4 Qd7 46. Qe5 Bxe6 47. fxe6 Qb5 48. d6 Qc6+ 49. Kh2 Qb6 50. e7 Qc6 51. Rf2 Qc8 52. Qf6 1-0

[Event "CHI-chT"]
[Site "Santiago de Chile"]
[Date "2012.12.06"]
[Round "5"]
[White "Valdes Escobar, Jose Ignacio"]
[Black "Valenzuela Morales, Jorge"]
[Result "1-0"]
[WhiteElo "2070"]
[BlackElo "1940"]
[PlyCount "106"]
[EventDate "2012.11.22"]
[EventType "team-tourn"]
[EventRounds "9"]
[EventCountry "CHI"]
[SourceTitle "EXT 2014"]
[Source "ChessBase"]
[SourceDate "2013.11.20"]
[SourceVersion "1"]
[SourceVersionDate "2013.11.20"]
[SourceQuality "1"]

1. c4 Nf6 2. Nc3 g6 3. e4 d6 4. g3 Bg7 5. Bg2 0-0 6. Nge2 Nc6 7. 0-0 e5 8. d3 Ne8 9. Rb1 f5 10. Nd5 Be6 11. b4 Nd4 12. Nxd4 exd4 13. Nf4 Bc8 14. exf5 Rxf5 15. Re1 Be5 16. c5 Ng7 17. Qc2 g5 18. Ne2 Qf8 19. f4 gxf4 20. gxf4 Bf6 21. Ng3 Bh4 22. Qc4+ Kh8 23. Qxd4 dxc5 24. bxc5 Be7 25. Qe4 Bxc5+ 26. d4 Bb6 27. Rxb6 axb6 28. Nxf5 Qxf5 29. Qxf5 Bxf5 30. a3 Re8 31. Rxe8+ Nxe8 32. Bxb7 Nd6 33. Bd5 Kg7 34. Kf2 Kf6 35. Bf3 Bc8 36. d5 Kf5 37. Ke3 Bb7 38. h3 Ba6 39. Bg4+ Kg6 40. Be6 h5 41. Kd4 Kf6 42. Bb2 Kg6 43. a4 Be2 44. Bc3 Bf1 45. Bd7 Be2 46. Ke5 Bd3 47. Ke6 Be4 48. Be5 Nb7 49. Be8+ Kh6 50. Bxc7 Nc5+ 51. Ke5 Bc2 52. Bxb6 Nxa4 53. Bd4 Bd3 1-0

[Event "Santiago de Chile Nunoa CC IRT 2"]
[Site "Santiago de Chile"]
[Date "2012.07.13"]
[Round "4"]
[White "Valenzuela Bravo, Rodrigo"]
[Black "Valenzuela Morales, Jorge"]
[Result "1-0"]
[WhiteElo "1972"]
[BlackElo "1905"]
[PlyCount "57"]
[EventDate "2012.07.03"]
[EventType "tourn"]
[EventRounds "7"]
[EventCountry "CHI"]
[SourceTitle "EXT 2024"]
[Source "ChessBase"]
[SourceDate "2023.10.10"]
[SourceVersion "1"]
[SourceVersionDate "2023.10.10"]
[SourceQuality "1"]

1. e4 e6 2. d3 d5 3. Nd2 c5 4. g3 Nc6 5. Bg2 Nf6 6. Ngf3 dxe4 7. dxe4 e5 8. 0-0 Be7 9. Re1 0-0 10. c3 Qc7 11. Nf1 Be6 12. Qc2 h6 13. Ne3 c4 14. Nh4 Rad8 15. Nhf5 Bc5 16. Qe2 Na5 17. Ng4 Nxg4 18. Qxg4 Bxf5 19. exf5 Qd6 20. Be3 Bxe3 21. Rxe3 Rfe8 22. Rae1 f6 23. Qh5 Re7 24. g4 Qd2 25. h4 Rd3 26. g5 Rxe3 27. Rxe3 fxg5 28. hxg5 Qd6 29. f6 1-0